[Event "Kandidatklassen"]
[Site "?"]
[Date "2018.04.02"]
[Round "7.10"]
[White "Bæhring Madsen (2140), Michael"]
[Black "Abildlund Brorsen (2145), Jacob"]
[Result "1-0"]
[BlackElo "2145"]
[WhiteElo "2140"]
[LiveChessVersion "1.4.8"]

1. d4 {[%clk 1:30:57]} Nf6 {[%clk 1:28:48]} 2. c4 {[%clk 1:31:20]} e6
{[%clk 1:29:13]} 3. Nc3 {[%clk 1:30:28]} Bb4 {[%clk 1:29:05]} 4. e3
{[%clk 1:30:49]} O-O {[%clk 1:28:29]} 5. Bd3 {[%clk 1:31:09]} c5 {[%clk 1:28:11]}
6. Nge2 {[%clk 1:31:26]} Nc6 {[%clk 1:25:13]} 7. O-O {[%clk 1:30:20]} d6
{[%clk 1:24:08]} 8. a3 {[%clk 1:29:29]} Ba5 {[%clk 1:23:43]} 9. Qc2
{[%clk 1:29:10]} Qe7 {[%clk 1:18:46]} 10. b3 {[%clk 1:14:51]} Bd7
{[%clk 1:07:16]} 11. Bb2 {[%clk 1:13:45]} Rac8 {[%clk 1:06:54]} 12. Rad1
{[%clk 0:58:25]} Bc7 {[%clk 0:58:20]} 13. d5 {[%clk 0:57:41]} Ne5
{[%clk 0:58:26]} 14. Ne4 {[%clk 0:57:47]} Nfg4 {[%clk 0:49:33]} 15. h3
{[%clk 0:53:34]} exd5 {[%clk 0:42:28]} 16. hxg4 {[%clk 0:51:42]} dxe4
{[%clk 0:42:30]} 17. Bxe4 {[%clk 0:51:32]} Nxg4 {[%clk 0:41:14]} 18. g3
{[%clk 0:47:52]} f5 {[%clk 0:35:35]} 19. Bxb7 {[%clk 0:47:21]} Rce8
{[%clk 0:34:11]} 20. Kg2 {[%clk 0:46:17]} Qg5 {[%clk 0:33:35]} 21. Bc1
{[%clk 0:38:46]} Qf6 {[%clk 0:25:43]} 22. Rh1 {[%clk 0:38:06]} Kh8
{[%clk 0:20:16]} 23. Nf4 {[%clk 0:37:41]} Rf7 {[%clk 0:15:07]} 24. Bd5
{[%clk 0:31:47]} Rfe7 {[%clk 0:11:41]} 25. Bb2 {[%clk 0:27:48]} Ne5
{[%clk 0:10:52]} 26. Rxh7+ {[%clk 0:22:24]} Kxh7 {[%clk 0:11:20]} 27. Rh1+
{[%clk 0:22:48]} Qh6 {[%clk 0:11:44]} 28. Rxh6+ {[%clk 0:22:17]} gxh6
{[%clk 0:11:50]} 29. Qd1 {[%clk 0:22:04]} Rb8 {[%clk 0:08:41]} 30. Qh5
{[%clk 0:21:49]} Rb6 {[%clk 0:08:44]} 31. Nh3 {[%clk 0:20:40]} Rxb3
{[%clk 0:07:54]} 32. Bxe5 {[%clk 0:15:26]} dxe5 {[%clk 0:08:21]} 33. Qh4
{[%clk 0:15:47]} Rg7 {[%clk 0:05:17]} 34. Qf6 {[%clk 0:12:51]} Rb6
{[%clk 0:05:33]} 35. Qf8 {[%clk 0:12:48]} Bd6 {[%clk 0:05:31]} 36. Qd8
{[%clk 0:12:47]} Ra6 {[%clk 0:03:31]} 37. Ng1 {[%clk 0:12:25]} Kg6
{[%clk 0:02:31]} 38. Nf3 {[%clk 0:12:42]} Rxa3 {[%clk 0:01:54]} 39. Nh4+
{[%clk 0:13:00]} Kh7 {[%clk 0:01:55]} 40. Bg8+ {[%clk 0:13:34]} 1-0

[Event "Kandidatklassen"]
[Site "?"]
[Date "2018.04.02"]
[Round "7.11"]
[White "Easwaralingam (2037), Adesh"]
[Black "Moe (2226), FM Mogens"]
[Result "1-0"]
[BlackElo "2228"]
[WhiteElo "2037"]
[LiveChessVersion "1.4.8"]

1. e4 {[%clk 1:30:58]} c5 {[%clk 1:30:52]} 2. Nf3 {[%clk 1:31:19]} e6
{[%clk 1:31:17]} 3. b3 {[%clk 1:31:10]} Nc6 {[%clk 1:30:16]} 4. Bb2
{[%clk 1:31:20]} Qc7 {[%clk 1:28:51]} 5. c4 {[%clk 1:29:59]} Nf6 {[%clk 1:28:22]}
6. Nc3 {[%clk 1:30:15]} a6 {[%clk 1:28:42]} 7. a3 {[%clk 1:27:58]} Be7
{[%clk 1:28:48]} 8. Bd3 {[%clk 1:28:16]} O-O {[%clk 1:26:48]} 9. O-O
{[%clk 1:28:09]} Rd8 {[%clk 1:25:17]} 10. Re1 {[%clk 1:19:55]} Qf4
{[%clk 1:18:45]} 11. Bc2 {[%clk 1:18:17]} Ne5 {[%clk 0:57:16]} 12. Nxe5
{[%clk 1:14:52]} Qxe5 {[%clk 0:57:42]} 13. g3 {[%clk 1:07:39]} b6
{[%clk 0:52:25]} 14. d4 {[%clk 0:50:29]} Qxd4 {[%clk 0:46:20]} 15. Nd5
{[%clk 0:45:09]} Qxd1 {[%clk 0:38:41]} 16. Nxe7+ {[%clk 0:45:30]} Kf8
{[%clk 0:39:03]} 17. Raxd1 {[%clk 0:43:49]} Kxe7 {[%clk 0:39:25]} 18. e5
{[%clk 0:41:19]} Nh5 {[%clk 0:37:48]} 19. Bc1 {[%clk 0:41:06]} Bb7
{[%clk 0:31:21]} 20. g4 {[%clk 0:37:24]} Bf3 {[%clk 0:31:43]} 21. gxh5
{[%clk 0:36:04]} Bxd1 {[%clk 0:32:00]} 22. Rxd1 {[%clk 0:35:38]} h6
{[%clk 0:32:03]} 23. Rd6 {[%clk 0:35:56]} Rab8 {[%clk 0:30:45]} 24. Be3
{[%clk 0:35:11]} a5 {[%clk 0:30:19]} 25. Rxb6 {[%clk 0:35:05]} Rxb6
{[%clk 0:29:44]} 26. Bxc5+ {[%clk 0:35:31]} Ke8 {[%clk 0:30:05]} 27. Bxb6
{[%clk 0:35:55]} Ra8 {[%clk 0:30:06]} 28. Kg2 {[%clk 0:35:08]} f5
{[%clk 0:29:31]} 29. exf6 {[%clk 0:34:24]} gxf6 {[%clk 0:29:54]} 30. Be3
{[%clk 0:34:41]} Ke7 {[%clk 0:30:07]} 31. Bxh6 {[%clk 0:34:19]} Rh8
{[%clk 0:30:25]} 32. Be3 {[%clk 0:32:52]} Rxh5 {[%clk 0:30:46]} 33. f4
{[%clk 0:32:34]} e5 {[%clk 0:28:06]} 34. Bd1 {[%clk 0:31:42]} Rh8
{[%clk 0:28:14]} 35. Bb6 {[%clk 0:31:52]} Ra8 {[%clk 0:27:45]} 36. Bf3
{[%clk 0:30:51]} Rb8 {[%clk 0:27:54]} 37. c5 {[%clk 0:30:03]} exf4
{[%clk 0:27:25]} 38. Bg4 {[%clk 0:28:41]} Ra8 {[%clk 0:22:55]} 39. Kf3
{[%clk 0:28:49]} a4 {[%clk 0:22:44]} 40. b4 {[%clk 0:28:49]} Rg8 {[%clk 0:18:50]}
41. Kxf4 {[%clk 0:28:47]} Rg5 {[%clk 0:19:09]} 42. b5 {[%clk 0:28:06]} Rd5
{[%clk 0:18:48]} 43. c6 {[%clk 0:27:43]} Rxb5 {[%clk 0:18:42]} 44. c7
{[%clk 0:28:06]} 1-0

[Event "Kandidatklassen"]
[Site "?"]
[Date "2018.04.02"]
[Round "7.12"]
[White "Kistrup (2082), Nicolai"]
[Black "Brustrup Petersen (2109), Steen"]
[Result "0-1"]
[BlackElo "2109"]
[WhiteElo "2082"]
[LiveChessVersion "1.4.8"]

1. d4 {[%clk 1:30:38]} d5 {[%clk 1:25:51]} 2. c4 {[%clk 1:30:50]} e6
{[%clk 1:26:13]} 3. Nf3 {[%clk 1:22:43]} Nf6 {[%clk 1:22:10]} 4. g3
{[%clk 1:21:47]} dxc4 {[%clk 1:21:23]} 5. Bg2 {[%clk 1:19:00]} Nc6
{[%clk 1:16:01]} 6. O-O {[%clk 1:13:07]} Rb8 {[%clk 1:14:10]} 7. e3
{[%clk 1:08:35]} b5 {[%clk 1:11:25]} 8. b3 {[%clk 1:08:09]} cxb3 {[%clk 1:09:08]}
9. axb3 {[%clk 1:08:12]} a6 {[%clk 1:02:05]} 10. Ne1 {[%clk 1:07:26]} Nd5
{[%clk 0:52:47]} 11. Nd3 {[%clk 0:57:40]} Ncb4 {[%clk 0:45:18]} 12. Ne5
{[%clk 0:46:29]} Bd6 {[%clk 0:35:53]} 13. Ba3 {[%clk 0:29:33]} Bb7
{[%clk 0:31:52]} 14. Bxb4 {[%clk 0:24:55]} Bxe5 {[%clk 0:20:29]} 15. Bc5
{[%clk 0:17:19]} Bd6 {[%clk 0:18:05]} 16. Qc2 {[%clk 0:15:39]} O-O
{[%clk 0:13:37]} 17. Rc1 {[%clk 0:13:46]} Qc8 {[%clk 0:08:07]} 18. Qd2 Qd7
{[%clk 0:06:29]} 19. Qa5 {[%clk 0:09:32]} Rfc8 {[%clk 0:06:35]} 20. Nd2
{[%clk 0:08:56]} e5 {[%clk 0:05:23]} 21. Bxd6 {[%clk 0:00:49]} cxd6
{[%clk 0:05:15]} 22. dxe5 {[%clk 0:00:33]} dxe5 {[%clk 0:05:01]} 23. Ne4
{[%clk 0:00:48]} Qe7 {[%clk 0:02:44]} 24. Rd1 {[%clk 0:00:39]} f5
{[%clk 0:02:05]} 25. Nd2 {[%clk 0:00:33]} e4 {[%clk 0:01:36]} 26. Bf1
{[%clk 0:00:37]} Qb4 {[%clk 0:01:16]} 27. Qxb4 {[%clk 0:00:36]} Nxb4
{[%clk 0:01:44]} 28. Rac1 {[%clk 0:00:41]} Na2 {[%clk 0:01:38]} 29. Rxc8+
{[%clk 0:00:46]} Rxc8 {[%clk 0:02:00]} 30. Bh3 {[%clk 0:00:53]} Nc3
{[%clk 0:01:40]} 31. Re1 {[%clk 0:00:43]} Rc5 {[%clk 0:01:39]} 32. Kf1
{[%clk 0:00:41]} b4 {[%clk 0:01:46]} 33. Nb1 {[%clk 0:00:41]} g6 {[%clk 0:01:43]}
34. g4 {[%clk 0:00:38]} Kg7 {[%clk 0:01:20]} 35. gxf5 {[%clk 0:00:47]} gxf5
{[%clk 0:01:48]} 36. Rc1 {[%clk 0:00:43]} Kf6 {[%clk 0:01:50]} 37. Ke1
{[%clk 0:00:52]} Bd5 {[%clk 0:01:54]} 38. Kd2 {[%clk 0:00:42]} Nxb1+
{[%clk 0:00:50]} 39. Rxb1 {[%clk 0:01:05]} Rc3 {[%clk 0:01:00]} 40. Ra1
{[%clk 0:00:41]} Bxb3 {[%clk 0:00:42]} 41. Rxa6+ {[%clk 0:26:44]} Be6
{[%clk 0:25:07]} 42. Bf1 {[%clk 0:22:37]} Ra3 {[%clk 0:19:11]} 43. Rb6
{[%clk 0:21:49]} Ra2+ {[%clk 0:19:03]} 44. Ke1 {[%clk 0:21:05]} Ra1+
{[%clk 0:19:01]} 45. Ke2 {[%clk 0:21:05]} b3 {[%clk 0:17:26]} 46. f3
{[%clk 0:13:44]} b2 {[%clk 0:05:59]} 47. Rxb2 {[%clk 0:13:56]} Bc4+
{[%clk 0:06:24]} 48. Kd2 {[%clk 0:13:29]} Rxf1 {[%clk 0:06:36]} 49. Rb6+
{[%clk 0:11:04]} Be6 {[%clk 0:05:45]} 50. fxe4 {[%clk 0:09:31]} fxe4
{[%clk 0:06:06]} 51. Kc3 {[%clk 0:09:28]} Rc1+ {[%clk 0:06:15]} 52. Kd2
{[%clk 0:06:55]} Ra1 {[%clk 0:05:02]} 53. Kc3 {[%clk 0:05:26]} Ke5
{[%clk 0:05:25]} 54. Rb7 {[%clk 0:05:08]} Ra3+ {[%clk 0:05:25]} 55. Kd2
{[%clk 0:05:05]} Ra2+ {[%clk 0:05:47]} 56. Ke1 {[%clk 0:05:16]} Rxh2
{[%clk 0:05:54]} 57. Rg7 {[%clk 0:05:01]} h5 58. Kf1 {[%clk 0:04:41]} h4
{[%clk 0:05:57]} 59. Rh7 {[%clk 0:04:48]} h3 {[%clk 0:06:07]} 60. Kg1
{[%clk 0:04:54]} Re2 {[%clk 0:06:18]} 0-1

[Event "Kandidatklassen"]
[Site "?"]
[Date "2018.04.02"]
[Round "7.13"]
[White "Hardlei (2092), Johan"]
[Black "Guillermo Quiñones-Maletti (2133), Julio"]
[Result "1/2-1/2"]
[BlackElo "2133"]
[WhiteElo "2092"]
[LiveChessVersion "1.4.8"]

1. e4 {[%clk 1:25:45]} c5 {[%clk 1:30:50]} 2. Nc3 {[%clk 1:26:12]} a6
{[%clk 1:31:11]} 3. g3 {[%clk 1:26:08]} b5 {[%clk 1:31:26]} 4. Bg2
{[%clk 1:26:15]} Bb7 {[%clk 1:31:39]} 5. d3 {[%clk 1:26:40]} e6 {[%clk 1:31:44]}
6. f4 {[%clk 1:27:00]} d5 {[%clk 1:31:24]} 7. exd5 {[%clk 1:27:25]} exd5
{[%clk 1:31:43]} 8. Qe2+ {[%clk 1:27:42]} Be7 {[%clk 1:30:42]} 9. Nf3
{[%clk 1:27:47]} Nf6 {[%clk 1:30:40]} 10. O-O {[%clk 1:26:56]} O-O
{[%clk 1:30:50]} 11. Ne5 {[%clk 1:26:46]} Nc6 {[%clk 1:29:47]} 12. Nxc6
{[%clk 1:25:55]} Bxc6 {[%clk 1:30:02]} 13. Bd2 {[%clk 1:25:17]} b4
{[%clk 1:23:45]} 14. Nd1 {[%clk 1:24:56]} Re8 {[%clk 1:23:54]} 15. Nf2
{[%clk 1:23:23]} Bf8 {[%clk 1:20:15]} 16. Qf3 {[%clk 1:23:12]} Rc8
{[%clk 1:14:38]} 17. Rae1 {[%clk 1:21:05]} d4 {[%clk 1:04:10]} 18. Rxe8
{[%clk 1:07:47]} Nxe8 {[%clk 1:00:55]} 19. Qg4 {[%clk 1:05:23]} Bxg2
{[%clk 0:57:47]} 20. Kxg2 {[%clk 1:05:42]} Qd5+ {[%clk 0:55:52]} 21. Kg1
{[%clk 1:05:33]} f5 {[%clk 0:47:42]} 22. Qh3 {[%clk 1:02:21]} Nf6
{[%clk 0:45:29]} 23. Re1 {[%clk 0:58:03]} Re8 {[%clk 0:39:10]} 24. b3
{[%clk 0:55:21]} Rxe1+ {[%clk 0:36:05]} 25. Bxe1 {[%clk 0:55:45]} Qe6
{[%clk 0:36:23]} 26. Kf1 {[%clk 0:43:37]} Nd5 {[%clk 0:35:00]} 27. Nd1
{[%clk 0:43:27]} Be7 {[%clk 0:32:13]} 28. Bd2 {[%clk 0:42:09]} Ne3+
{[%clk 0:26:05]} 29. Bxe3 {[%clk 0:41:37]} dxe3 {[%clk 0:26:24]} 30. Ke2
{[%clk 0:41:49]} Bf6 {[%clk 0:25:40]} 31. Qg2 {[%clk 0:38:57]} Bd4
{[%clk 0:07:48]} 32. Qf3 {[%clk 0:38:14]} h6 {[%clk 0:01:58]} 33. Nxe3
{[%clk 0:37:41]} Bxe3 {[%clk 0:01:04]} 34. Qxe3 {[%clk 0:38:06]} Qd5
{[%clk 0:01:29]} 35. Qf3 {[%clk 0:35:08]} Qd4 {[%clk 0:01:26]} 36. Qa8+
{[%clk 0:26:57]} Kh7 {[%clk 0:01:46]} 37. Qxa6 {[%clk 0:27:24]} Qg1
{[%clk 0:00:45]} 38. Qc8 {[%clk 0:27:39]} Qxh2+ {[%clk 0:00:48]} 39. Kd1
{[%clk 0:28:05]} Qg1+ {[%clk 0:01:04]} 40. Kd2 {[%clk 0:28:11]} Qf2+
{[%clk 0:01:17]} 41. Kc1 {[%clk 0:27:16]} 1/2-1/2